Border Chain - Sudden Death: MEGA EDITION - Statistics

General Stats
  • This quiz has been taken 65 times
  • The average score is 9 of 22
Answers on the Grid
Answers color-coded by a green-red scale on the quiz's grid according to % correct below.
Panama
Colombia
Brazil
France
Spain
Belize
United States
Mexico
Austria
Morocco
El Salvador
Venezuela
Egypt
Libya
Algeria
Turkey
Syria
Israel
Mauritania
Chad
Georgia
Iran
Afghanistan
Uzbekistan
Sudan
Russia
China
Nepal
India
Yemen
Turkmenistan
Azerbaijan
Kazakhstan
Myanmar
Pakistan
Armenia
Kyrgyzstan
Mongolia
Thailand
Malaysia
Greece
Ukraine
Iraq
Bhutan
Indonesia
Albania
Moldova
Kuwait
Brunei
Papua New Guinea
 
Answer Stats
Answer % Correct
Panama
93%
Colombia
80%
Brazil
75%
France
63%
Spain
63%
Morocco
53%
Algeria
50%
Libya
45%
Egypt
35%
Israel
35%
Syria
35%
Georgia
30%
Turkey
30%
China
28%
India
28%
Nepal
28%
Russia
28%
Indonesia
25%
Malaysia
25%
Myanmar
25%
Papua New Guinea
25%
Thailand
25%
No matching quizzes found
Score Distribution
Percent of People with Each Score
Percentile by Number Answered
Your Score History
You have not taken this quiz